Mots au féminin - Statistiques

Statistiques générales
  • Ce quiz a été pris 84 fois
  • Le résultat moyen est 3 sur 16
Answers on the Grid
Answers color-coded by a green-red scale on the quiz's grid according to % correct below.
Acné
Ozone
Aménorrhée
Algèbre
Après-midi
Arabesque
Arcane
Argile
Atmosphère
Bretzel
Écrevisse
Élytre
Entracte
Entrejambe
Épitaphe
Escarre
Extase
Holocauste
Hospice
Hyménée
Idylle
Oasis
Ovule
Pétale
Spore
Svastika
Tentacule
Testicule
Uretère
Urticaire
Vivres
Volte-face
 
Statistiques - réponses
Réponse % Correct
Atmosphère
32%
Après-midi
30%
Idylle
28%
Acné
26%
Arabesque
26%
Écrevisse
24%
Extase
24%
Argile
20%
Oasis
20%
Aménorrhée
18%
Algèbre
14%
Épitaphe
10%
Escarre
2%
Volte-face
2%
Spore
0%
Urticaire
0%
Aucun quiz correspondant
Distribution des résultats
% des personnes avec chaque résultat
Percentile par nombre de réponses
Votre historique - résultats
Vous n’avez pas pris ce quiz